A treatise on land surveying by the chain, cross, and offset staffs (Record no. 113615)

MARC details
000 -LEADER
fixed length control field 00809cam a22001935a 4500
001 - CONTROL NUMBER
control field L155504
008 - FIXED-LENGTH DATA ELEMENTS--GENERAL INFORMATION
fixed length control field 120327s1813 xxk f 000 0 eng d
035 ## - SYSTEM CONTROL NUMBER
System control number (Sirsi) u155504
041 0# - LANGUAGE CODE
Language code of text/sound track or separate title eng
100 1# - MAIN ENTRY--PERSONAL NAME
Personal name Davis, William
Dates associated with a name 1771-1807
245 02 - TITLE STATEMENT
Title A treatise on land surveying by the chain, cross, and offset staffs
Remainder of title in four parts, also, a description of the plan and map meters. To which is added a supplement, containing methods by the plane table & Theodolite, and directions for conducting subterraneous surveys
250 ## - EDITION STATEMENT
Edition statement 5th ed.
260 ## - PUBLICATION, DISTRIBUTION, ETC.
Place of publication, distribution, etc. London
Name of publisher, distributor, etc. Anne Davis
Date of publication, distribution, etc. 1813
300 ## - PHYSICAL DESCRIPTION
Extent xx, 393 p., [10] folded leaves of plates
Other physical details ill., port
Dimensions 22 cm.
583 ## - ACTION NOTE
Action Condition reviewed
Time/date of action 20120620
Status condition level 2 and 4
651 #4 - SUBJECT ADDED ENTRY--GEOGRAPHIC NAME
Geographic name Great Britain
Chronological subdivision 1707-
690 ## - LOCAL SUBJECT ADDED ENTRY--TOPICAL TERM (OCLC, RLIN)
Topical term or geographic name as entry element Measurement
9 (RLIN) 6256
942 ## - ADDED ENTRY ELEMENTS (KOHA)
Suppress in OPAC 0
Holdings
Withdrawn status Lost status Source of classification or shelving scheme Damaged status Not for loan Home library Current library Shelving location Date acquired Total Checkouts Full call number Barcode Date last seen Copy number Price effective from Koha item type
    Dewey Decimal Classification     Historic collection Historic collection Historic collection 27/03/2012   OCTAVO 1813 DAVIS 30077239 06/08/2019 1 06/08/2019 Book
    Dewey Decimal Classification     Historic collection Historic collection Historic collection 27/03/2012   OCTAVO 1813 DAVIS 30077210 06/08/2019 2 06/08/2019 Book